00735nai a2200181Ia 4500003000900000008004100009022002200050022002300072040001600095245006900111260008600180310001200266362002700278521006900305650004700374650004400421856008800465IN-BaIIA211028c9999 xx s 000 0 eng d a0018-9456 (Print) a1557-9662 (Online) cIIA Library 0aIEEE Transactions on Instrumentation and Measurementh[eJournal] aNew York, USAbThe Institute of Electrical and Electronics Engineers, Inc. (IEEE) aMonthly a12(1); 1963 - Present  bSubscribed through National Knowledge Resource Consortium (NKRC) a Components, Circuits, Devices and Systems aPower, Energy and Industry Applications uhttps://ieeexplore.ieee.org/servlet/opac?punumber=19yClick Here to Access eJournal